000 00725nam a2200253Ia 4500
003 OSt
005 20220923211738.0
006 a|||||r|||| 00| 0
007 ta
008 220922b |||||||| |||| 00| 0 hin d
024 _a44,106
037 _cTextual
040 _aARTS
_cARTS
_bhin
041 _2hin
_ahin
082 _aO152,2N301x, K9
100 _aरैना, विमला
245 0 _aआहें और मुस्कान
246 _aĀhean aur muskāna
260 _c1969
490 _aVice of the sind sereis
650 _aहिन्दी साहित्य
_9156264
942 _hO152,2N301x, K9
_cTEXL
_2CC
999 _c303107
_d303107